00524 2200169 4500001002100000005001500021035002000036007000300056008003900059082000700098084001300105100001600118245014000134260004600274650001900320990001500339INLIS00000000000988120260413123133 a0010-0426000185ta260413 | | |  a11 a11 DEW s0 aDEWI MARINI1 aSTRATEGI KEPEMIMPINAN KEPALA SEKOLAH DALAM PENINGKATAN MUTU PENDIDIKAN DI SEKOLAH MENANGAH KEJURUAN DI KABUPATEN SERUYAN /cDEWI MARINI aPALANGKA RAYA :bPERPUSTAKAAN UMPR,c2026 4aKEPALA SEKOLAH a2311229398